01377nam a2200193 4500001000800000007000300008008004100011040000800052041000800060100005400068245008500122300002100207520062200228650003300850653004000883773021200923942003101135999001701166ESSALUDta t2025 pe ||||| |||| 00| 0 spa d aBMG aspa aValderrama Valderrama, Luis Ricardoeautor949171 aParticipación en las utilidades: aspectos claves para su correcta aplicación apáginas 94-108 aSegún el número de trabajadores que tengan, los empleadores están obligados a distribuir las utilidades generadas por la empresa en el ejercicio anterior. Dado que esta obligación deberá cumplirse próximamente, el presente informe resume los principales aspectos a considerar para garantizar el pago correcto de las utilidades en el año 2025, evitando así contingencias derivadas de cálculos erróneos o incumplimientos normativos. En este sentido, se detallará en qué casos las empresas están sujetas a la distribución de utilidades y las infracciones aplicables en caso de incumplimiento. aLEGISLACIÓN LABORAL943561 aPARTICIPACIÓN DE LOS TRABAJADORES0 019944921910dLima Gaceta Jurídica Editores, 2007-oSOL014tSoluciones laborales : sistema integral de información para abogados, jefes de recursos humanos, administradores y gerenteswESSALUDx1996-3076 cARTICULOSe2025-04-28zAFC c21347d21347